000 01373nam a22003977a 4500
001 16743904
003 OSt
005 20210419080911.0
008 010601s1963 nyu 000 1 eng d
020 _a034528996X
035 _a(OCoLC)ocm47051848
035 _a(OCoLC)47051848
040 _aIHI
_cIHI
_dOCLCQ
_dOCLCG
_dSJL
_dDLC
_beng
041 _aeng
042 _alccopycat
050 0 0 _aCPB Box no. 50 vol. 12
080 _a821.111
_bB-96
100 1 _aBurroughs, Edgar Rice,
_d1875-1950.
245 1 0 _aThe Return of Tarzan
_cEdgar Rice Burroughs.
_b/ by: Ballantine Books
250 _aAuthorized ed.
260 _aNew York
_bBallantine Books
_c1963
300 _a221 p.
_c18 cm.
365 _b1.95 usd
490 0 _aBallantine fiction
490 0 _aBB fiction
500 _a"Complete and unabridged"--Cover.
500 _a"First published in two parts: Part 1: Tarzan and the magic men, c1936 ; Part 2: Tarzan and the elephant men, [c1937].
600 0 0 _aTarzan
_c(Fictitious character)
_vFiction.
650 0 _9247
_aEnglish literature
653 _aინგლისური ლიტერატურა
655 7 _aAdventure fiction.
_2gsafd
710 2 _aCopyright Paperback Collection (Library of Congress)
_5DLC
906 _a7
_bcbc
_ccopycat
_d2
_encip
_f20
_gy-genrareb
942 _2udc
_cBK
999 _c1873
_d1873